| 000 | 00973pam a2200289 a 4500 | ||
|---|---|---|---|
| 001 | 015978256 | ||
| 003 | Uk | ||
| 005 | 20130131142541.0 | ||
| 008 | 120319s2012 enk b 001 0 eng c | ||
| 020 | _a023036795X (pbk.) : | ||
| 020 | _a9780230367951 (pbk.) : | ||
| 082 | 0 | 4 |
_a332.152 _223 _bMOS |
| 100 | 1 |
_aMoschella, Manuela. _932226 |
|
| 245 | 1 | 0 |
_aGoverning Risk : _bthe IMF and Global Financial Crises / _cManuela Moschella. |
| 260 |
_aBasingstoke : _bPalgrave Macmillan, _c2012. |
||
| 300 |
_axv, 212 p. ; _c22 cm. |
||
| 490 | 1 | _aInternational political economy series | |
| 500 |
_aFormerly CIP. _5Uk |
||
| 504 | _aIncludes bibliographical references and index. | ||
| 610 | 2 | 0 |
_aInternational Monetary Fund. _932227 |
| 650 | 0 |
_aInternational finance. _932228 |
|
| 650 | 0 |
_aInternational economic relations. _932229 |
|
| 650 | 0 |
_aFinancial crises. _932230 |
|
| 653 |
_bEco _cJanuary2013 |
||
| 690 | 7 |
_aManagement and Business Studies _2blcoll |
|
| 942 |
_2ddc _cBB |
||
| 999 |
_c17190 _d17162 |
||